书目信息 |
| 题名: |
金融迷宫
|
|
| 作者: | 克里兹曼 , Kritzman 著 ;燕清联合 译 | |
| 分册: | ||
| 出版信息: | 北京 中信出版社 2004.05 |
|
| 页数: | 214页 | |
| 开本: | 21cm | |
| 丛书名: | ||
| 单 册: | ||
| 中图分类: | F830 | |
| 科图分类: | ||
| 主题词: | 金融学 | |
| 电子资源: | ||
| ISBN: | 7-5086-0155-6 | |
| 000 | 01080nam0 2200289 45 | |
| 001 | 012004000000 | |
| 005 | 20041105151348.28 | |
| 010 | @a7-5086-0155-6@dCNY 19.00 | |
| 100 | @a20040510d2004 em y0chiy0121 ea | |
| 101 | 1 | @achi@ceng |
| 102 | @aCN@b110000 | |
| 105 | @aa z 000yy | |
| 200 | 1 | @a金融迷宫@Ajin rong mi gong@dPuzzles of finance@e六个实践问题及其完美解决之道@f(美)马克·P·克里兹曼(Mark P. Kritzman)著@g燕清联合译@zeng |
| 210 | @a北京@c中信出版社@d2004.05 | |
| 215 | @a214页@c图@d21cm | |
| 304 | @a书名原文: Puzzles of finance: six practical problems and their remarkable solutions | |
| 330 | @a本书将金融原理、常理、智慧巧妙地结合了起来。 | |
| 510 | 1 | @aPuzzles of finance@zeng |
| 510 | 1 | @aPuzzles of finance@esix practical problems and their remarkable solutions@zeng |
| 517 | 1 | @a六个实践问题及其完美解决之道 |
| 606 | 0 | @a金融学 |
| 690 | @aF830@v4 | |
| 701 | 1 | @a克里兹曼@Ake li zi man@b马克·P.@4著 |
| 701 | A1 | @aKritzman@bMark P.@4著 |
| 702 | 0 | @a燕清联合@Ayan qing lian he@4译 |
| 801 | 0 | @aCN@bQSSKw@c20041105 |
| 905 | @a10447@dF830@eM081 | |
| 金融迷宫=Puzzles of finance:六个实践问题及其完美解决之道/(美)马克·P·克里兹曼(Mark P. Kritzman)著/燕清联合译.-北京:中信出版社,2004.05 |
| 214页:图;21cm |
| ISBN 7-5086-0155-6:CNY 19.00 |
| 本书将金融原理、常理、智慧巧妙地结合了起来。 |
| ● |
| 相关链接 |
|
|
|
正题名:金融迷宫
索取号:F830/M081
 
预约/预借
| 序号 | 登录号 | 条形码 | 馆藏地/架位号 | 状态 | 备注 |
| 1 | 425702 | 204257026 | 社科库409/409社科库 50排5列3层/ [索取号:F830/M081] | 在馆 | |
| 2 | 425703 | 204257035 | 社科库409/ [索取号:F830/M081] | 在馆 | |
| 3 | 425704 | 204257044 | 社科库409/409社科库 50排5列3层/ [索取号:F830/M081] | 在馆 |